El menor ante el delito : incapacidad penal del menor. Régimen jurídico, prevención y tratamiento /
Guardado en:
| Autor Principal: | |
|---|---|
| Formato: | Libro |
| Idioma: | Spanish |
| Publicado: |
Buenos Aires :
Astrea,
2009
|
| Edición: | 3a. ed. amp. y act. |
| Materias: | |
| Etiquetas: |
Agregar Etiqueta
Sin Etiquetas, Sea el primero en etiquetar este registro!
|
| LEADER | 00541nam a22001575a 4500 | ||
|---|---|---|---|
| 001 | DER.der009732 | ||
| 008 | 180615s2009####ag#||||||||||||||#||spa|| | ||
| 005 | 20250623125230.0 | ||
| 245 | 1 | 0 | |a El menor ante el delito : |b incapacidad penal del menor. Régimen jurídico, prevención y tratamiento / |c Daniel Hugo D´Antonio. |
| 250 | |a 3a. ed. amp. y act. | ||
| 260 | |a Buenos Aires : |b Astrea, |c 2009 | ||
| 300 | |a 300 p. | ||
| 020 | |a 9789505088430 | ||
| 100 | 1 | |a D´Antonio, Daniel Hugo. | |
| 650 | 7 | |a DERECHO PENAL | |
| 859 | |a DERECHO |b BIB. DERECHO |h 345 |i DAN |p 006337 | ||
